Teacher empowerment : an empirical analysis of the relationship between participation in decision making and job satisfaction /
Saved in:
| Main Author: | |
|---|---|
| Format: | Thesis |
| Language: | English |
| Published: |
Petaling Jaya :
International Islamic University Malaysia,
1997
|
| Subjects: | |
| Online Access: | Click here to view 1st 24 pages of the thesis. Members can view fulltext at the specified PCs in the library. |
| Tags: |
Add Tag
No Tags, Be the first to tag this record!
|
| LEADER | 019010000a22003730004500 | ||
|---|---|---|---|
| 001 | 148696 | ||
| 005 | 20100408151400.0 | ||
| 008 | 980731s1997 my 000 0 eng | ||
| 035 | |a 556099 | ||
| 035 | |a (Sirsi) 148696 | ||
| 040 | |a UIAM |b eng | ||
| 043 | |a a-my-- | ||
| 049 | |b m | ||
| 050 | |a LB2806.45 | ||
| 100 | 3 | |a Ho, Beng Tat | |
| 245 | 1 | 0 | |a Teacher empowerment : |b an empirical analysis of the relationship between participation in decision making and job satisfaction / |c by Ho Beng Tat |
| 260 | 1 | |a Petaling Jaya : |b International Islamic University Malaysia, |c 1997 | |
| 300 | |a 103 p. ; |c 30 cm. | ||
| 500 | |a "A thesis submitted in partial fulfilment of the requirement for the degree of Master of Education."--On t.p. | ||
| 500 | |a Abstracts in English and Arabic. | ||
| 502 | |a Thesis (M.Ed.)--International Islamic University Malaysia, 1997. | ||
| 504 | |a Includes bibliographical references (leaves 97-103). | ||
| 596 | |a 1 | ||
| 650 | 0 | |a Teacher participation in administration |z Malaysia | |
| 650 | 0 | |a Teachers |x Job satisfaction |z Malaysia | |
| 650 | 0 | |a Teachers |x Decision making |z Malaysia | |
| 655 | 0 | 7 | |a Theses, IIUM local |
| 690 | 0 | |a Dissertations, Academic |x Department of Education |z IIUM | |
| 710 | 2 | |a International Islamic University Malaysia. |b Kulliyyah of Education | |
| 856 | 4 | |u https://lib.iium.edu.my/mom/services/mom/document/getFile/hWMMdE0UXpHdnGFs8hbsGu9m0vI5f2vk20041020000000000 |z Click here to view 1st 24 pages of the thesis. Members can view fulltext at the specified PCs in the library. | |
| 900 | |a SSSJ-amar | ||
| 999 | |c 431057 |d 462548 | ||
| 952 | |0 0 |6 T LB 002806.45 H678T 1997 |7 0 |8 THESES |9 750728 |a IIUM |b IIUM |c MULTIMEDIA |g 0.00 |o t LB2806.45H678T 1997 |p 00000556101 |r 2017-11-28 |t 1 |v 0.00 |y THESIS | ||
| 952 | |0 0 |6 TS CDF LB2806.45H678T 1997 |7 0 |8 THESES |9 797738 |a IIUM |b IIUM |c MULTIMEDIA |g 0.00 |o ts cdf LB2806.45H678T 1997 |p 11100326216 |r 2017-10-27 |t 1 |v 0.00 |y THESISDIG | ||
